Čeká nás prudký rozvoj on-line kanálů
Očakávaný prudký rozvoj on-line metód, ktoré pomôžu bankám a spoločnostiam pracovať na diaľku. Príkladom je prechod na paperless, kde sa fyzicky eliminuje tlačiareň. Firma Trask ponúka aj on-line podpis, kde sa užívateľ môže biometricky podpísať na ľubovoľnom zariadení. Iné príklady riešenia digitál...
Uložené v:
| Médium: | Kapitola |
|---|---|
| Jazyk: | Czech |
| Predmet: | |
| Tagy: |
Žiadne tagy, Buďte prvý, kto otaguje tento záznam!
|
MARC
| LEADER | 00000naa a2200000 4500 | ||
|---|---|---|---|
| 001 | 0263702 | ||
| 005 | 20221104110355.8 | ||
| 041 | 0 | |a cze | |
| 044 | |a CZ | ||
| 245 | 1 | 0 | |a Čeká nás prudký rozvoj on-line kanálů |
| 520 | |a Očakávaný prudký rozvoj on-line metód, ktoré pomôžu bankám a spoločnostiam pracovať na diaľku. Príkladom je prechod na paperless, kde sa fyzicky eliminuje tlačiareň. Firma Trask ponúka aj on-line podpis, kde sa užívateľ môže biometricky podpísať na ľubovoľnom zariadení. Iné príklady riešenia digitálnej komunikácie so zákazníkmi. | ||
| 610 | 2 | 0 | |a banky |
| 610 | 2 | 0 | |a technológie informačné |
| 610 | 2 | 0 | |a technológie komunikačné |
| 610 | 2 | 0 | |a technológie nové |
| 610 | 2 | 0 | |a podpis elektronický |